000 00749nam a2200205 i 4500
001 185698
003 ES-MaACL
005 20250802063122.0
008 160803s1873 gw |||| | eng d
100 1 _aCharles, Elizabeth Rundle,
_d1828-1896
_9156042
245 1 0 _aAgainst the stream :
_bthe story of an heroic age in England /
_cby the author of "The Schönberg-Cotta family".
260 _aLeipzig :
_bBernhard Tauchnitz,
_c1873.
300 _a1 vol. ;
_c16 cm.
490 1 _aCollection of British Authors ;
_v1353-4
500 _aEl encabezamiento tomado del Brit. Mus. Cat.
597 _a2 t. en un vol.
830 0 _aCollection of British Authors ;
_v1353-4
_9180703
852 _aES-MaACL
_jG-12825
999 _c185698
_d185698